My visit to the aquarium / (Record no. 3760)

MARC details
000 -LEADER
fixed length control field 00965pam a2200301 a 4500
005 - DATE AND TIME OF LATEST TRANSACTION
control field 20260305152119.0
020 ## - INTERNATIONAL STANDARD BOOK NUMBER
International Standard Book Number 0439188199
040 ## - CATALOGING SOURCE
Original cataloging agency DLC
Transcribing agency DLC
Modifying agency DLC
Language of cataloging eng
050 00 - LIBRARY OF CONGRESS CALL NUMBER
Classification number QL78.A15
082 00 - DEWEY DECIMAL CLASSIFICATION NUMBER
Classification number 597.0074
100 0# - MAIN ENTRY--PERSONAL NAME
Personal name Aliki
245 10 - TITLE STATEMENT
Title My visit to the aquarium /
Statement of responsibility, etc. Aliki
260 ## - PUBLICATION, DISTRIBUTION, ETC.
Place of publication, distribution, etc. New York :
Name of publisher, distributor, etc. Scholastic ;
Date of publication, distribution, etc. 1993
300 ## - PHYSICAL DESCRIPTION
Extent 33 pages :
Other physical details color illustrations ;
Dimensions 29 cm.
505 ## - FORMATTED CONTENTS NOTE
Formatted contents note R <br/>
520 ## - SUMMARY, ETC.
Summary, etc. During his visit to an aquarium, a boy finds out about the characteristics and environments of many different marine and freshwater creatures.
521 ## - TARGET AUDIENCE NOTE
Target audience note 710 <br/><br/>
Source Lexile AD <br/><br/>
521 ## - TARGET AUDIENCE NOTE
Target audience note R <br/>
Source Raz-Plus <br/>
650 #0 - SUBJECT ADDED ENTRY--TOPICAL TERM
Topical term or geographic name entry element Public aquariums
Form subdivision Juvenile literature
650 #0 - SUBJECT ADDED ENTRY--TOPICAL TERM
Topical term or geographic name entry element Aquatic biology
Form subdivision Juvenile literature.
650 #1 - SUBJECT ADDED ENTRY--TOPICAL TERM
Topical term or geographic name entry element Aquariums.
650 #1 - SUBJECT ADDED ENTRY--TOPICAL TERM
Topical term or geographic name entry element Aquatic biology.
650 #1 - SUBJECT ADDED ENTRY--TOPICAL TERM
Topical term or geographic name entry element Marine animals.
650 #1 - SUBJECT ADDED ENTRY--TOPICAL TERM
Topical term or geographic name entry element Freshwater animals.
906 ## - LOCAL DATA ELEMENT F, LDF (RLIN)
a 7
b cbc
c orignew
d 1
e ocip
f 19
g y-gencatlg
942 ## - ADDED ENTRY ELEMENTS (KOHA)
Source of classification or shelving scheme Dewey Decimal Classification
Koha item type Books
Suppress in OPAC No
999 ## -
-- 3760
-- 3760
Holdings
Withdrawn status Lost status Source of classification or shelving scheme Damaged status Not for loan Collection Home library Current library Shelving location Date acquired Total Checkouts Full call number Barcode Date last seen Date last checked out Copy number Price effective from Koha item type
    Dewey Decimal Classification     Juvenile Fiction Footprints International School Library Network Toul Tom Poung Campus Footprints International School Library Network Toul Tom Poung Campus TTP Primary Orange Bookshelves 04/30/2024 1 ALI 597.0074 QL78.A15 FISBK05126 03/05/2026 02/26/2026 1 04/30/2024 Books